Riemann, die Schiffe und die Aktenlage - einige korrigierende und ergänzende Bemerkungen zum Standardwerk zur Geschichte Kolbergs

Titel: Riemann, die Schiffe und die Aktenlage - einige korrigierende und ergänzende Bemerkungen zum Standardwerk zur Geschichte Kolbergs
Verfasser:
In: Vereinigung Ehemaliger Schüler des Dom- und Real-Gymnasiums zu Kolberg (Ostseebad), Pommern: Mitteilungen der Vereinigung Ehemaliger Schüler des Dom- und Real-Gymnasiums zu Kolberg, Ostseebad, Pommern, Band 79 (1997), Seite 1948-1955
alle Artikel anzeigen
Veröffentlicht: 1997
Format: Aufsatz
Sprache: Deutsch
Kein Bild verfügbar
X
alg: 39162441
001A    $01999:11-11-16 
001B    $01999:29-03-21 $t21:45:39.000 
001C    $06050:19-11-16 $t15:08:38.000 
001D    $01999:11-11-16 
001U    $0utf8 
001X    $00 
002@    $0Aox 
003@    $0391624415 
007A    $0391624415 $aHEB 
007T    $0Herd05236 
010@    $ager 
011@    $a1997 
021A    $aRiemann, die Schiffe und die Aktenlage - einige korrigierende und ergänzende Bemerkungen zum Standardwerk zur Geschichte Kolbergs 
028A    $aGehrke $dUlrich 
031A    $d79 $h1948-1955 $j1997 
039B    $aIn $8--Abvc--Vereinigung Ehemaliger Schüler des Dom- und Real-Gymnasiums zu Kolberg (Ostseebad), Pommern [Tb1]. Mitteilungen der Vereinigung Ehemaliger Schüler des Dom- und Real-Gymnasiums zu Kolberg, Ostseebad, Pommern. - Hamburg : [Verlag nicht ermittelbar], 1970-2020 $x199700000790000052 $9054887488 
045F    $a907.20943816 $eDDC23BSB 
045F/01 $a907.2 
045F/03 $g43816 
045T    $a7,41 $a8,1 

lok: 39162441 78

exp: 39162441 78 1 #EPN
201B/01 $027-06-18 $t23:05:08.000 
201U/01 $0utf8 
203@/01 $0787718858 
208@/01 $a11-11-16 $be 
209A/01 $a/ $f000 $x00 
220C/01 $aTitelaufnehmer: nk 
244Z/01 $2Trx $#Pomeranija $#Pommern $#Pomoransko $#Pomořansko $#Hinterpommern;Vorpommern;Mittelpommern $#Pomorze Środkowe;Pomorze Przednie $#Pomořansko;Západní Pomořany; Pomořany $8--Trx--Pomorze Zachodnie $x01 $9391303775 
244Z/01 $#Kolberg $75057070-5 $8--Tg1--Kołobrzeg $x02 $9044717024 
244Z/01 $aGeschichte 1873 $x03 
244Z/01 $2Trx $8--Trx--Riemann, Hermann Traugott Leberecht$Z1822-1889 $x04 $9390635952 
244Z/01 $2Trx $#kirjeldused regioonid, maad $#regionų ir kraštų istorija $#overview regions/countries $#ábrázolások, átfogó vidékek, országok $#regiony i kraje ogólnie $#dejiny, všeobecné prehľady regióny/krajiny $#dějiny, obecné přehledy regiony/země $#Regionalgeschichte $#Regionen $#Länder $#dejiny krajské $#dejiny regionálne $8--Trx--Darstellungen, übergreifende$gRegionen/Länder $x05 $9391373188 
244Z/01 $2Trx $#laeva sõit $#jūreivystė $#shipping $#hajóutazás $#żegluga $#doprava lodná $#doprava lodní $#Seefahrt $#doprava námorná $#doprava námořní $8--Trx--Schifffahrt $x06 $9391380680 
244Z/01 $2Trx $8--Trx--Zeitschriftenaufsatz $x07 $9391384341 
245Z/01 $a13.03 $x01 
245Z/01 $a06.01 $x02 
247C/01 $82080>Marburg/Lahn, Herder-Institut, Forschungsbibliothek, Bibliographieportal $9336309341
LEADER 00000caa a22000002c 4500
001 391624415
003 DE-603
005 20210329214539.0
007 tu
008 161111s1997 xx |||| | u00||u|ger c
035 |a (DE-599)HEB391624415 
040 |a DE-603  |b ger  |c DE-603  |d DE-603 
041 |a ger 
082 0 4 |8 1\u  |a 907.20943816  |q DE-101  |2 23/BSB 
084 |a 7,41  |a 8,1  |2 ssgn 
085 |8 1\u  |b 907.2 
085 |8 1\u  |z 2  |s 43816 
100 1 |a Gehrke, Ulrich 
245 0 0 |a Riemann, die Schiffe und die Aktenlage - einige korrigierende und ergänzende Bemerkungen zum Standardwerk zur Geschichte Kolbergs 
264 0 |c 1997 
773 0 8 |i In  |a Vereinigung Ehemaliger Schüler des Dom- und Real-Gymnasiums zu Kolberg (Ostseebad), Pommern  |t Mitteilungen der Vereinigung Ehemaliger Schüler des Dom- und Real-Gymnasiums zu Kolberg, Ostseebad, Pommern  |d Hamburg : [Verlag nicht ermittelbar], 1970-2020  |h 30 cm  |g Band 79 (1997), Seite 1948-1955  |w (DE-603)054887488  |w (DE-600)1361441-1 
924 0 |9 2080  |a (DE-603)787718858  |b DE-2080  |c HES  |d d  |g /